Súčasnosť a perspektívy slovenského kožiarskeho a obuvníckeho priemyslu
Výrazné zmeny v kožiarskom a obuvníckom priemysle po r. 1989. Výroba obuvi v SR. Vývoj kožiarskeho a obuvníckeho priemyslu na Slovensku je odlišný od celosvetového vývoja. Svetová výroba, spotreba a obchod s obuvou.
Guardado en:
| Autor principal: | |
|---|---|
| Formato: | Capítulo de libro |
| Lenguaje: | eslovaco |
| Materias: | |
| Etiquetas: |
Sin Etiquetas, Sea el primero en etiquetar este registro!
|
MARC
| LEADER | 00000naa a2200000 4500 | ||
|---|---|---|---|
| 001 | r025892 | ||
| 005 | 20230522135714.7 | ||
| 041 | 0 | |a slo | |
| 044 | |a SK | ||
| 245 | 1 | 0 | |a Súčasnosť a perspektívy slovenského kožiarskeho a obuvníckeho priemyslu |c Š. Šulo |
| 520 | |a Výrazné zmeny v kožiarskom a obuvníckom priemysle po r. 1989. Výroba obuvi v SR. Vývoj kožiarskeho a obuvníckeho priemyslu na Slovensku je odlišný od celosvetového vývoja. Svetová výroba, spotreba a obchod s obuvou. | ||
| 610 | 2 | 0 | |a priemysel kožiarsky |
| 610 | 2 | 0 | |a priemysel obuvnícky |
| 610 | 2 | 0 | |a Slovensko |
| 610 | 2 | 0 | |a programy výrobné |
| 610 | 2 | 0 | |a obuv |
| 610 | 2 | 0 | |a vývoz |
| 610 | 2 | 0 | |a trh svetový |
| 100 | 1 | |a Šulo, Š. | |